Mýty v nás a kolem nás /

Hlavní autor: Gál, Fedor, 1945-
Další autoři: Urban, Jan, 1951-
Jazyk: Slovenština
Čeština
Vydáno: [Chrastava] : Veřejně prospěšný spolek Anaon, [2022]
Vydání: 1. vydání
Témata:
Fyzický popis: 107 stran : barevné ilustrace ; 22 cm + 1 list (39 x 26 cm složeno na 20 x 13 cm)
Language note: Částečně slovenský text
Knihy
Uloženo v:
LEADER 01890nam a2200553 i 4500
001 nkc20223464930
003 CZ PrNK
005 20230127064533.0
007 ta
008 221018t20222022xr a e 000 0 cze
015 |a cnb003464930 
020 |a 978-80-11-02427-7  |q (vázáno) 
035 |a (OCoLC)1369540760 
040 |a OLA001  |b cze  |e rda 
041 0 |a cze  |a slo 
072 7 |a 316.3  |x Globální společnosti. Sociální struktura. Sociální skupiny  |2 Konspekt  |9 18 
080 |a 398.22  |2 MRF 
080 |a 316.347  |2 MRF 
080 |a 316.3/.6  |2 MRF 
080 |a (042.5)  |2 MRF 
080 |a (0:82-4)  |2 MRF 
100 1 |a Gál, Fedor,  |d 1945-  |7 jn19990209203  |4 aut  |4 edt 
245 1 0 |a Mýty v nás a kolem nás /  |c Fedor Gál, Jan Urban a kolektiv autorů 
250 |a 1. vydání 
264 1 |a [Chrastava] :  |b Veřejně prospěšný spolek Anaon,  |c [2022] 
264 4 |c ©2022 
300 |a 107 stran :  |b barevné ilustrace ;  |c 22 cm +  |e 1 list (39 x 26 cm složeno na 20 x 13 cm) 
336 |a text  |b txt  |2 rdacontent 
337 |a bez média  |b n  |2 rdamedia 
338 |a svazek  |b nc  |2 rdacarrier 
500 |a 500 výtisků 
504 |a Obsahuje bibliografické odkazy 
546 |a Částečně slovenský text 
650 0 7 |a mýty  |7 ph123146  |2 czenas 
650 0 7 |a národní identita  |7 ph117245  |2 czenas 
650 0 7 |a člověk a společnost  |7 ph116878  |2 czenas 
650 0 9 |a myths  |2 eczenas 
650 0 9 |a national identity  |2 eczenas 
650 0 9 |a man and society  |2 eczenas 
655 7 |a diskuse  |7 fd131932  |2 czenas 
655 7 |a úvahy  |7 fd134000  |2 czenas 
655 9 |a discussions  |2 eczenas 
655 9 |a essays  |2 eczenas 
700 1 |a Urban, Jan,  |d 1951-  |7 jn19990010014  |4 aut 
910 2 |a BOA001  |b 2-1502.135 
990 |a BK 
995 |a 01 
991 |b 202301  |c NOV 
996 6 |b 2610927974  |c 2-1502.135  |l MZK  |r Sklad / do 1 hodiny  |n 2  |p p.v.  |w 001911428  |u 000010  |a 1  |e BOA001  |j MZK50  |s P